000 01738cam a22004814i 4500
003 PE-LiUPU
005 20250731172908.0
008 170410s a r 000 0 spa d
020 _a0198745087
020 _a9780198745082
035 _a(Sirsi) a167380
040 _aPE-LiUPU
_bspa
_cPE-LiUPU
_erda
082 0 4 _a294.6
_bO9
_223
245 4 _aThe Oxford handbook of Sikh studies /
_cedited by Pashaura Singh and Louis E. Fenech.
264 _aOxford :
_bOxford University Press,
_c2014.
300 _aXXII, 650 páginas ;
_c26 centímetros.
336 _atext
_2rdacontent
337 _aunmediated
_2rdamedia
338 _avolume
_2rdacarrier
504 _aBibliografía: Al final de cada capítulo.
504 _aIndíce: páginas 645-650.
505 0 _aPart I Historical expressions -- Part II Literary expressions -- Part III Ideological expressions -- Part IV Institutional expressions -- Part V Artistic expressions -- Part VI Diasporic expressions -- Part VII Expressions of caste and gender in the panth -- Part VIII Future trajectories.
526 _aSEG42
526 _aSEG41
526 _aSEG40
526 _aSEG39
526 _aP94
526 _aP87
526 _aP86
526 _aP85
526 _aP77
526 _aP76
526 _aP35
650 0 4 _aSijismo.
650 0 4 _aSikhism.
650 0 4 _aHistoría.
700 1 _aSingh, Pashaura,
_eeditor.
700 1 _aFenech, Louis E,
_eeditor.
596 _a1
942 _2ddc
_cBOOK
999 _a294.6 O9
_wDEWEY
_c16131
_i75422
_f2021-11-11
_g4
_lCCODEBUL1
_mBUL
_p47.38
_r0
_sY
_tBOOK
_u2017-4-10
_xTEOLOGIA
_PP35
_0COMPRA
_o.STAFF. Colección Teología
_d16131
980 _81
_gALBERTO SANCHEZ Responsable de Automatización